000 00284nam a2200109Ia 4500
008 200302s9999 xx 000 0 und d
100 _aAna Canizares, Julio Fajardo
245 _aKindergartens, School and Playgrounds
260 _bLoft Publishing
260 _c2007
300 _a255 P.,
999 _c3021
_d3021